00336nam a2200109Ia 450000500170000000800410001702000180005808200190007610000170009524500880011226400260020020251222143302.0251222s9999||||xx |||||||||||||| ||spa|| a9972-814-21-1 a370.193.46/U86 aUrsula, Elsa 0aLa Educación Rural en el Perú: Problemas, Propuestas, Experiencias y Esperanzas bFundación Inka Kola